000 nam a22 7a 4500
999 _c8356
_d8356
008 180112b ||||| |||| 00| 0 eng d
100 _94770
_aSHARMA.J.P
245 _aLAB.BIOLOGY CLASS-XII
260 _aNEW DELHI
_bLAXMI PUB
_c2012